00687nam a2200241 a 4500001001300000003000900013005001700022008004100039020002300080082001600103100001900119245002000138260004200158300000900200500003500209505001000244650001100254700001900265902000800284942000700292952012900299999001700428nice12345678IN_TiNIC20260116014856.0111205s2011 newa grp 000 0 eng  a9788130711874c90000a297.4bNIC8 aNicholson, R A aKashf Al Mahjub aNew Delhi bCosmo Publications c2011 a443p aincludes index and biblioraphy2 aIndex aSufism1 aNicholson, R A bSRS cBK 001040708StackRoom-aHMIbHMId2011-12-05g900.00l3o297.4 NIC8p023752r2022-07-15s2022-07-15v900.00w2011-12-05yBK c17372d17372